000 00624nam a2200193Ia 4500
005 20260429112329.0
008 260429s9999||||xx |||||||||||||| ||und||
020 _a9788177144550
041 _aHindi
082 _a891.430
_bSIN
100 _aसिंह, ओम प्रकाश
245 0 _aजयशंकर प्रसाद ग्रंथावली /
_cओम प्रकाश सिंह
250 _a1st ed.
260 _aनई दिल्ली :
_bप्रकाशन संस्थान,
_c2014.
300 _a246 p.; hb
440 _vVol. 7
650 _aHindi Literature
942 _cTB
999 _c53526
_d53526